| 000 | 02580nam0a2200409 4500 | ||
|---|---|---|---|
| 001 | RU\NLR\bibl\1464061 | ||
| 005 | 20260406122930.0 | ||
| 010 |
_a978-5-903615-19-3 _94000 |
||
| 021 |
_aRU _b2009-96051 _96100 |
||
| 035 | _a(nilc)RSL-KNO-004419569 | ||
| 035 | _a(NLR Aleph) 001455805 | ||
| 090 |
_a1551889 _c1551889 |
||
| 100 | _a20091201d2009 |||y0rusy50 ca | ||
| 101 | 0 | _arus | |
| 102 | _aRU | ||
| 105 | _aa ||||||||| | ||
| 200 | 1 |
_aСергиев Посад _e[взгляд сквозь века _eсборник статей] _fМ-во культуры Моск. обл., Сергиево-Посад. гос. ист.-худож. музей-заповедник, Строит. группа "Стройсервис" _g[сост.: В.И. Вишневский, С.В. Николаева, к.ист.н. _gгл. ред. С.В. Николаева, к.ист.н.] |
|
| 210 |
_aСергиев Посад _cРемарко _d2009 |
||
| 215 |
_a308 с. _cил., портр., цв. ил., факс. _d33 |
||
| 300 | _aНа авантит.: Посвящ. 400-летию героич. обороны Троице-Сергиева монастыря 1608-1610, 90-летию образования Сергиево-Посад. гос. ист.-худож. музея-заповедника | ||
| 320 | _aБиблиогр.: с. 305-306 | ||
| 320 | _aИзд. СПГИХМЗ (1920-2009): с. 303-305 | ||
| 607 |
_aСергиев Посад, город (Московская область) _jСборники _xИстория _92079351 _3RU\NLR\auth\661255230 |
||
| 686 |
_aТ3(2Р-4Мо-2Сергиев Посад)я6 _2rubbk |
||
| 686 |
_aН0(2Р=Р)92Сергиев Посад0я6 _2rubbk |
||
| 686 |
_aЭ372.24-647.2я6 _2rubbk |
||
| 686 | _aТ3(2Р-4Мо-2Сп)я43 | ||
| 702 | 1 |
_4220 _8rus _7ca _aВасильев _bС. Ю. _cжурналист, поэт _f1956- _gСергей Юрьевич _3RU\NLR\auth\7785320 _968248 |
|
| 702 | 1 |
_4340 _8rus _7ca _aНиколаева _bС. В. _cканд. ист. наук _gСветлана Викторовна _3RU\NLR\auth\7780103 _963031 |
|
| 712 | 0 | 2 |
_4570 _aСергиево-Посадский государственный историко-художественный музей-заповедник _3RU\NLR\AUTH\8815647 _9304450 |
| 801 | 0 |
_aRU _bРГБ _c20091201 _grcr |
|
| 801 | 1 |
_aRU _bРГБ _c20091201 |
|
| 801 | 2 |
_aRU _bNLR _c20100122 _grcr |
|
| 942 | _cBOOK | ||
| 980 | _aNB | ||
| 980 | _aNBR | ||